Normal view
MARC view
- عبد الحكيم، محمد صبحي، م.مشارك يوسف عبد المجيد فايد
Entry Personal Name
001 - CONTROL NUMBER
- control field: 15558
003 - CONTROL NUMBER IDENTIFIER
- control field: JO-AjAnu
005 - DATE AND TIME OF LATEST TRANSACTION
- control field: 20230606072801.0
008 - FIXED-LENGTH DATA ELEMENTS
- fixed length control field: 230606|| aca||aabn | a|a d
040 ## - CATALOGING SOURCE
- Original cataloging agency: JO-AjAnu
- Transcribing agency: JO-AjAnu
100 ## - HEADING--PERSONAL NAME
- Personal name: عبد الحكيم، محمد صبحي، م.مشارك يوسف عبد المجيد فايد
670 ## - SOURCE DATA FOUND
- Source citation: Work cat.: (JO-AjAnu)7990: عبد الحكيم، محمد صبحي، م.مشارك يوسف عبد المجيد فايد, author, دراسات في الجغرافيا العامة